000 02374cam a2200301 a 4500
001 2450
005 20231208134107.0
020 _a0415355621 (hardback : alk. paper)
020 _a9780415545532
020 _a9780415355629 (hardback : alk. paper)
020 _z0203002016 (ebook)
020 _a9780415545532
020 _z9780203002018 (ebook)
040 _aDLC
_cDLC
_dDLC
_beng
050 0 0 _aDS554.7
_b.M85 2006
082 0 0 _a959.6/03
_222
100 1 _aMuller, Gregor
_d1968-
245 1 0 _aColonial Cambodia's "bad Frenchmen" :
_bthe rise of French rule and the life of Thomas Caraman, 1840-1887 /
_cGregor Muller
260 _aLondon :
_aNew York :
_bRoutledge,
_c2006
300 _a294 pages :
_billustrations, maps ;
_c24 cm
490 0 _aRoutledge studies in the modern history of Asia ;
_v37
505 0 _aZ
520 _aColonial Cambodia's "Bad Frenchmen" provides a captivating analysis of the gradual establishment of French colonialism in the late nineteenth century. Drawing on new materials from French, Vietnamese and Cambodian archives, it reconstructs a time during which France struggled to give meaning and substance to its Protectorate over Cambodia. It traces the lives of failed colonists - most notably Thomas Caramen, who all constituted a challenge to the colonial enterprise by muddling its social, cultural and racial boundaries. In its consideration of the critical role played by these colonists, this compelling book shifts away from governor-generals, grand discourses and the simple view of colonialism as 'colonizers' versus 'colonized', to explore how things actually worked themselves out on the ground. It examines in particular the 'civilizing mission' and educational initiatives; the slow destruction of the indigenous justice system; the policing of sexual relations between colonisers and colonized; the theft of Cambodian land and taxes by the colonizing power; and the brutal repression of resistance wherever and whenever it appeared. Overall, Muller reveals the crucial role played by indigenous middlemen and marginal Europeans in the rise of the colonial state, and tells the fascinating tale of a Frenchman who came to represent everything that the colonial state dreaded.
521 _a1000
_bLexile estimate
521 _aZ
_bRaz-Plus
906 _a7
_bcbc
_corignew
_d1
_eecip
_f20
_gy-gencatlg
942 _2ddc
_cBK
_n0
999 _c2450
_d2450